Physics for Degree Students (Record no. 4921)

MARC details
000 -LEADER
fixed length control field 00434nam a22001697a 4500
005 - DATE AND TIME OF LATEST TRANSACTION
control field 20160630122134.0
008 - FIXED-LENGTH DATA ELEMENTS--GENERAL INFORMATION
fixed length control field 160630b xxu||||| |||| 00| 0 eng d
020 ## - INTERNATIONAL STANDARD BOOK NUMBER
ISBN 81-219-3360-1
041 ## - LANGUAGE CODE
Language code of text/sound track or separate title eng
082 ## - DEWEY DECIMAL CLASSIFICATION NUMBER
Item number 19725
100 ## - MAIN ENTRY--AUTHOR NAME
Personal name Arora, C L & hemne Dr P S
245 ## - TITLE STATEMENT
Title Physics for Degree Students
260 ## - PUBLICATION, DISTRIBUTION, ETC. (IMPRINT)
Place of publication New Delhi
Name of publisher Sultan Chand & Sons,
Year of publication 2014
300 ## - PHYSICAL DESCRIPTION
Number of Pages 878
650 ## - SUBJECT ADDED ENTRY--TOPICAL TERM
Topical Term Diploma Engineering
942 ## - ADDED ENTRY ELEMENTS (KOHA)
Koha item type Books
Holdings
Lost status Damaged status Collection code Home library Current library Shelving location Date acquired Cost, normal purchase price Full call number Accession Number Koha item type
    CS/IT JRU Library JRU Library SHELF-56-B 30/06/2016 495.00 19725 19725 Books
    CS/IT JRU Library JRU Library SHELF-56-B 30/06/2016 495.00 19725 19726 Books
    CS/IT JRU Library JRU Library SHELF-56-B 30/06/2016 495.00 19725 19727 Books
    CS/IT JRU Library JRU Library SHELF-56-B 30/06/2016 495.00 19725 19728 Books
      JRU Library   SHELF-35-L 30/06/2016 495.00 19725 19729 Books